Southville International School and Colleges
Your cart is empty.
  • Cart
  • Lists
    Public lists Eva Luna New books Lux_list list_1
    Your lists Log in to create your own lists
  • Log in to your account
  • Your cookies
  • Search history
Southville International School and Colleges
  • Advanced search
  • Recent comments
  • Most popular
  • Libraries

Log in to your account

Log in with GOOGLE


If you do not have an external account, but do have a local account, you can still log in:

  1. Home
  2. MARC view: The primary learner's toolkit /
Normal view MARC view ISBD view

The primary learner's toolkit / (Record no. 22378)

[ view plain ]
MARC details
000 -LEADER
fixed length control field 01002nam a2200229 a 4500
005 - DATE AND TIME OF LATEST TRANSACTION
control field 20140310183404.0
008 - FIXED-LENGTH DATA ELEMENTS--GENERAL INFORMATION
fixed length control field 121120s19uu xx 00 eng d
020 ## - INTERNATIONAL STANDARD BOOK NUMBER
International Standard Book Number 9781845903954
050 ## - LIBRARY OF CONGRESS CALL NUMBER
Classification number LB 1555
Item number .B44 2010
100 ## - MAIN ENTRY--PERSONAL NAME
Personal name Beere, Jackie
245 ## - TITLE STATEMENT
Title The primary learner's toolkit /
Statement of responsibility, etc Jackie Beere ; edited by, Ian Gilbert.
260 ## - PUBLICATION, DISTRIBUTION, ETC. (IMPRINT)
Place of publication, distribution, etc Wales, Uk :
Name of publisher, distributor, etc Crown House Pub,
Date of publication, distribution, etc 2010.
300 ## - PHYSICAL DESCRIPTION
Extent ix, 204 p. :
Other physical details ill. ;
Dimensions 28 cm.
500 ## - GENERAL NOTE
General note Includes index and 1 CD
520 ## - SUMMARY, ETC.
Summary, etc Suitable for Primary Teachers, this title contains what you need to create truly independent learners, confident and resilient in their ability to learn and learn well. It also includes lessons plans and teachers notes and a CD-ROM in the back of the book that has all the student forms and worksheets necessary for the lessons
521 ## - TARGET AUDIENCE NOTE
Target audience note
650 ## - SUBJECT ADDED ENTRY--TOPICAL TERM
Topical term or geographic name as entry element Elementary school teaching
650 ## - SUBJECT ADDED ENTRY--TOPICAL TERM
Topical term or geographic name as entry element Learning, Psychology of
650 ## - SUBJECT ADDED ENTRY--TOPICAL TERM
Topical term or geographic name as entry element Moral education (Elementary)
942 ## - ADDED ENTRY ELEMENTS (KOHA)
Koha item type Books
Source of classification or shelving scheme Library of Congress Classification
Call number prefix Foreign
Holdings
Withdrawn status Lost status Source of classification or shelving scheme Damaged status Home library Current library Shelving location Date acquired Source of acquisition Cost, normal purchase price Total Checkouts Full call number Barcode Date last seen Copy number Price effective from Koha item type
    Library of Congress Classification   College Library College Library General Circulation Section 11/20/2012 Donation 3263.00   LB 1555 .B44 2010 C16332 05/15/2018 1 10/10/2013 Books

The primary learner's toolkit /

APA

Beere J., . (2010). The primary learner's toolkit. Wales, Uk: Crown House Pub.

Chicago

Beere Jackie, . 2010. The primary learner's toolkit. Wales, Uk: Crown House Pub.

Harvard

Beere J., . (2010). The primary learner's toolkit. Wales, Uk: Crown House Pub.

MLA

Beere Jackie, . The primary learner's toolkit. Wales, Uk: Crown House Pub. 2010.

  • Place hold
  • Print
  • Cite
  • Add to your cart (remove)
  • Save record
    BIBTEX Dublin Core MARCXML MARC (non-Unicode/MARC-8) MARC (Unicode/UTF-8) MARC (Unicode/UTF-8, Standard) MODS (XML) RIS
  • More searches
    Search for this title in:
    Other Libraries (WorldCat) Other Databases (Google Scholar) Online Stores (Bookfinder.com) Open Library (openlibrary.org)

Exporting to Dublin Core...

SOUTHVILLE LIBRARY

Southville International School and Colleges Library

1281 Tropical Ave. Cor. Luxembourg St., BF Homes International, Las Pinas City

Tel. No. 8256374 / 252358 Loc. 117/146

Powered by Koha